Vývoj chromatografických metód na analýzu energetických materiálov diplomová práca

Gespeichert in:
Bibliographische Detailangaben
1. Verfasser: Iľkovičová, Adriána
Format: Buch
Sprache:Slowakisch
Veröffentlicht: Bratislava STU FCHPT 2014
Online-Zugang:Im OPAC anzeigen
Tags: Tag hinzufügen
Keine Tags, Fügen Sie das erste Tag hinzu!

MARC

LEADER 00000nam a2200000 a 4500
005 20260127134151.0
008 140613 2014 000 0 slo d
035 |a vtls010603315 
039 9 |y 201406131208  |z mschk03 
040 |a STUSCHK1  |b slo  |c STUSCHK1  |e AACR2 
100 1 |a Iľkovičová, Adriána 
245 1 |a Vývoj chromatografických metód na analýzu energetických materiálov  |b diplomová práca  |c Adriána Iľkovičová 
260 |a Bratislava  |b STU FCHPT  |c 2014 
300 |a 50 s.  |b il., tab.  |c 30 cm 
500 |a Obhájené: 9.6.2014 
500 |a Študijný program: technická chémia 
500 |a Štud. odbor: analytická chémia 
500 |a Školiace pracovisko: Odd. analytickej chémie 
500 |a Evid. číslo: FCHPT-5459-68544 
910 |a SCHK95 
999 |c 5639  |d 5639